<?xml version="1.0" encoding="UTF-8"?>
<record
    xmlns:xsi="http://www.w3.org/2001/XMLSchema-instance"
    xsi:schemaLocation="http://www.loc.gov/MARC21/slim http://www.loc.gov/standards/marcxml/schema/MARC21slim.xsd"
    xmlns="http://www.loc.gov/MARC21/slim">

  <leader>02135nam a2200313 a 4500</leader>
  <controlfield tag="005">20240305165354.0</controlfield>
  <controlfield tag="007">cr||||   |||| </controlfield>
  <controlfield tag="008">030107s2002    sp ||||||     100 ||spa|d</controlfield>
  <datafield tag="017" ind1=" " ind2=" ">
    <subfield code="a">DL M. 42960-2002</subfield>
  </datafield>
  <datafield tag="020" ind1=" " ind2=" ">
    <subfield code="a">8470887262</subfield>
  </datafield>
  <datafield tag="035" ind1=" " ind2=" ">
    <subfield code="a">6094</subfield>
  </datafield>
  <datafield tag="040" ind1=" " ind2=" ">
    <subfield code="d">vLex</subfield>
  </datafield>
  <datafield tag="090" ind1=" " ind2=" ">
    <subfield code="c">3023</subfield>
    <subfield code="d">3023</subfield>
  </datafield>
  <datafield tag="245" ind1="0" ind2="0">
    <subfield code="a">Seminario internacional sobre la profesionalizaci&#xF3;n de la funci&#xF3;n p&#xFA;blica en Iberoam&#xE9;rica. </subfield>
    <subfield code="h">[Recurso electr&#xF3;nico] :</subfield>
    <subfield code="b">La profesionalizaci&#xF3;n de la Funci&#xF3;n P&#xFA;blica en Iberoam&#xE9;rica</subfield>
  </datafield>
  <datafield tag="256" ind1=" " ind2=" ">
    <subfield code="a">Servicio en l&#xED;nea</subfield>
  </datafield>
  <datafield tag="260" ind1=" " ind2=" ">
    <subfield code="a">Madrid :</subfield>
    <subfield code="b">Instituto Nacional de Administraci&#xF3;n P&#xFA;blica,</subfield>
    <subfield code="c">2002</subfield>
  </datafield>
  <datafield tag="300" ind1=" " ind2=" ">
    <subfield code="a">1 recurso electr&#xF3;nico</subfield>
  </datafield>
  <datafield tag="500" ind1=" " ind2=" ">
    <subfield code="a">Ponencias presentadas en un seminario organizado por el INAP en colaboraci&#xF3;n con la Agencia Espa&#xF1;ola de Cooperaci&#xF3;n Internacional para estudiar, desde una perspectiva comparada, los distintos sistemas de funci&#xF3;n p&#xFA;blica existentes en Am&#xE9;rica Latina y la profesionalizaci&#xF3;n de sus funcionarios. Conclusiones de los grupos de trabajo que funcionaron en el seno del Seminario: &#xC9;tica p&#xFA;blica, Estatuto jur&#xED;dico y carrera administrativa, y An&#xE1;lisis de necesidades y propuestas de actuaci&#xF3;n.  </subfield>
  </datafield>
  <datafield tag="506" ind1="1" ind2=" ">
    <subfield code="a">Contenido solo disponible en los productos indicados</subfield>
    <subfield code="d">vLex Global </subfield>
    <subfield code="d">vLex Global (Academic Edition, excluding Law Schools) </subfield>
    <subfield code="d">vLex Global (U.S. Academic Edition, Law Schools) </subfield>
    <subfield code="d">vLex Global (U.S. Academic Edition, excluding Law Schools) </subfield>
    <subfield code="d">vLex Global (Academic Edition, Law Schools) </subfield>
  </datafield>
  <datafield tag="650" ind1="0" ind2="4">
    <subfield code="a">Administraci&#xF3;n p&#xFA;blica</subfield>
    <subfield code="z">Am&#xE9;rica latina</subfield>
  </datafield>
  <datafield tag="650" ind1="0" ind2="4">
    <subfield code="a">Administraci&#xF3;n p&#xFA;blica</subfield>
    <subfield code="z">Am&#xE9;rica latina</subfield>
    <subfield code="x">Congresos</subfield>
  </datafield>
  <datafield tag="650" ind1="0" ind2="4">
    <subfield code="a">Funci&#xF3;n p&#xFA;blica</subfield>
    <subfield code="z">Am&#xE9;rica latina</subfield>
  </datafield>
  <datafield tag="710" ind1="2" ind2=" ">
    <subfield code="a">Instituto Nacional de Administraci&#xF3;n P&#xFA;blica (Espa&#xF1;a)</subfield>
  </datafield>
  <datafield tag="711" ind1="2" ind2=" ">
    <subfield code="a">Seminario Internacional sobre la Profesionalizaci&#xF3;n de la Funci&#xF3;n P&#xFA;blica en Iberoam&#xE9;rica</subfield>
    <subfield code="d">(2002 :</subfield>
    <subfield code="c">Santa Cruz de la Sierra, Bolivia)</subfield>
  </datafield>
  <datafield tag="740" ind1="0" ind2=" ">
    <subfield code="a">vLex Libros (Servicio en l&#xED;nea)</subfield>
  </datafield>
  <datafield tag="830" ind1=" " ind2="0">
    <subfield code="a">Informes y documentos (Espa&#xF1;a. Ministerio para las Administraciones P&#xFA;blicas)</subfield>
  </datafield>
  <datafield tag="856" ind1="4" ind2="0">
    <subfield code="u">https://app.vlex.com/#/sources/profesionalizacion-funcion-publica-iberoamerica-6094</subfield>
  </datafield>
  <datafield tag="942" ind1=" " ind2=" ">
    <subfield code="c">RAA</subfield>
  </datafield>
  <datafield tag="952" ind1=" " ind2=" ">
    <subfield code="0">0</subfield>
    <subfield code="1">0</subfield>
    <subfield code="4">0</subfield>
    <subfield code="7">0</subfield>
    <subfield code="8">VLEX</subfield>
    <subfield code="9">319441</subfield>
    <subfield code="a">BD-UIN</subfield>
    <subfield code="b">BD-UIN</subfield>
    <subfield code="d">2024-03-05</subfield>
    <subfield code="l">0</subfield>
    <subfield code="p">6094</subfield>
    <subfield code="r">2024-03-05</subfield>
    <subfield code="w">2024-03-05</subfield>
    <subfield code="y">RAA</subfield>
  </datafield>
  <datafield tag="999" ind1=" " ind2=" ">
    <subfield code="c">161436</subfield>
    <subfield code="d">161436</subfield>
  </datafield>
</record>
